| 000 | 01007nam a2200301 i 4500 | ||
|---|---|---|---|
| 001 | bg | ||
| 003 | BPK | ||
| 005 | 20201030095338.0 | ||
| 008 | 000828s2000 pl a f |000 0 pol | ||
| 015 | _aPB 2000/16251 | ||
| 020 | _a8386882298 | ||
| 040 |
_aWA N _cBPK |
||
| 041 | 0 | _apol | |
| 080 | _a327 | ||
| 080 | _a(07) | ||
| 245 | 0 | 0 |
_aStosunki międzynarodowe : _bpraca zbiorowa / _cpod red. Włodzimierza Malendowskiego i Czesława Mojsiewicza. |
| 250 |
_aWyd. 2 / _b[aut. Jolanta Bryła et al.]. |
||
| 260 |
_aWrocław : _b"Atla 2", _c2000. |
||
| 300 |
_a648 s. : _b2 il., mapy ; _c21 cm. |
||
| 504 | _aBibliogr. przy rozdz. | ||
| 655 | 4 | _aPodręcznik | |
| 650 | 4 | _aPolityka międzynarodowa | |
| 700 | 1 |
_aMalendowski, Włodzimierz _eRedakcja |
|
| 700 | 1 |
_aBryła, Jolanta _eAutor |
|
| 700 | 1 |
_aMojsiewicz, Czesław _d(1925-2009) _eRedakcja |
|
| 856 |
_uhttp://koha.tu.koszalin.pl/cgi-bin/koha/opac-detail.pl?biblionumber=38499 _yKatalog online BPK |
||
| 942 |
_2UKD _cKS |
||
| 999 |
_c38499 _d38499 |
||